000
00212 a2200109 4500
020
_a
9780673758729
041
_a
spa
100
_a
Tatler, Sarah
245
_a
Criaturas digitales
942
_c
BK
999
_c
29668
_d
29666
999
_d
29666